| 000 | 00813nam a2200205 a 4500 | ||
|---|---|---|---|
| 001 | 000033808 | ||
| 005 | 20200930070533.0 | ||
| 008 | 110912s1894 dr 001 0 spa d | ||
| 040 |
_aDO-SdBNP _bspa _cBNPHU |
||
| 082 |
_a972.93 _bA162c |
||
| 100 | 1 |
_aAbreu Licairac, Rafael _954647 |
|
| 245 | 1 | 0 |
_aConsideraciones acerca de nuestra independencia y sus prohombres / _cRafael Abreu Licairac ; editor J. R. Roques. |
| 260 |
_aSanto Domingo : _bLa cuna de América, _c1894. |
||
| 300 |
_a125 p. ; _c19 cm. |
||
| 651 | 4 |
_aRepública Dominicana _xHistoria _y1844-1930 _xEnsayos Conferencias, Etc. _938562 |
|
| 651 | 4 |
_aRepública Dominicana _xHistoria _yOCUPACIÓN HAITIANA, 1822-1844 _xEnsayos Conferencias, Etc. _959231 |
|
| 700 | 1 |
_aRoques, J. R., _eed. _959232 |
|
| 910 | _aValidado. Control de calidad | ||
| 049 | _aBNPD | ||
| 999 |
_c33299 _d33299 |
||